header

The chronicler's genealogies (Record no. 2037)

MARC details
000 -LEADER
fixed length control field 01454nam a2200337 a 4500
082 04 - DEWEY DECIMAL CLASSIFICATION NUMBER
Classification number 222/.6306
100 1# - MAIN ENTRY--AUTHOR NAME
Personal name Sparks, James T.,
245 14 - TITLE STATEMENT
Title The chronicler's genealogies
260 ## - PUBLICATION, DISTRIBUTION, ETC. (IMPRINT)
Place of publication Atlanta :
Name of publisher Society of Biblical Literature,
Year of publication c2008.
300 ## - PHYSICAL DESCRIPTION
Number of Pages xvi, 385 p. :
Other physical details ill.
490 1# - SERIES STATEMENT
Series statement Academia Biblica ;
650 #0 - SUBJECT ADDED ENTRY--TOPICAL TERM
Topical Term Genealogy in the Bible.
856 40 - ELECTRONIC LOCATION AND ACCESS
Uniform Resource Identifier http://site.ebrary.com/lib/rucke/Doc?id=10286054

No items available.

© 2026 Rongo University
Contact us: librarian | system librarian | Rongo university